[Event "Women's Speed Chess Q5"]
[Site "chess.com INT"]
[Date "2021.06.04"]
[Round "7"]
[White "Priyanka, K"]
[Black "Eswaran, Aksithi"]
[Result "1-0"]
[WhiteTitle "WIM"]
[BlackTitle "WCM"]
[WhiteElo "2218"]
[BlackElo "1745"]
[WhiteFideId "5082986"]
[BlackFideId "2083485"]
[EventDate "2021.06.04"]

1. e4 c5 2. Nf3 Nc6 3. d4 cxd4 4. Nxd4 Nf6 5. Nc3 e5 6. Ndb5 d6 7. Bg5 a6 8. Na3
Be6 9. Nc4 Rc8 10. Ne3 Be7 11. Bxf6 Bxf6 12. Ncd5 Bg5 13. c3 Ne7 14. Nxe7 Bxe7
15. Be2 O-O 16. O-O Bg5 17. Nd5 Rc5 18. b4 Rc8 19. c4 Kh8 20. Qd3 f5 21. Rad1 f4
22. Bf3 Bh4 23. Rc1 Qg5 24. a4 Bh3 25. Kh1 Be6 26. a5 Qg6 27. Nb6 Rc6 28. b5
axb5 29. cxb5 Rxc1 30. Rxc1 Bxf2 31. Qxd6 Be3 32. Qxf8+ 1-0

[Event "Women's Speed Chess Q5"]
[Site "chess.com INT"]
[Date "2021.06.04"]
[Round "7"]
[White "Mkrtchian, Lilit"]
[Black "Perez Rodriguez, Jennifer"]
[Result "1/2-1/2"]
[WhiteTitle "IM"]
[BlackTitle "WIM"]
[WhiteElo "2388"]
[BlackElo "2251"]
[WhiteFideId "13300601"]
[BlackFideId "3507831"]
[EventDate "2021.06.04"]

1. e4 e5 2. Nf3 Nc6 3. Bb5 f5 4. d3 fxe4 5. dxe4 Nf6 6. O-O Be7 7. Nc3 d6 8. a3
O-O 9. Bc4+ Kh8 10. Ng5 Qe8 11. Ne6 Bxe6 12. Bxe6 Qg6 13. Bf5 Qf7 14. Be3 g6 15.
Bh3 Nh5 16. Nd5 Bd8 17. f4 Qg7 18. f5 Ne7 19. fxg6 hxg6 20. Rxf8+ Qxf8 21. Qg4
Nxd5 22. exd5 Qg7 23. Rf1 Bf6 24. Qe6 Rf8 25. Bg4 Nf4 26. Bxf4 exf4 27. c3 Be5
28. Rf3 Qf7 29. Qxf7 Rxf7 30. Bc8 b6 31. Be6 Re7 32. Kf2 Kg7 33. Rd3 Kf6 34. Kf3
Rh7 35. h3 Re7 1/2-1/2

[Event "Women's Speed Chess Q5"]
[Site "chess.com INT"]
[Date "2021.06.04"]
[Round "7"]
[White "Campos, Maria Jose"]
[Black "February, Jesse Nikki"]
[Result "1-0"]
[WhiteTitle "WFM"]
[BlackTitle "WIM"]
[WhiteElo "2133"]
[BlackElo "1863"]
[WhiteFideId "146803"]
[BlackFideId "14312336"]
[EventDate "2021.06.04"]

1. c4 Nf6 2. g3 c6 3. Bg2 d5 4. Nf3 g6 5. b3 Bg7 6. Bb2 O-O 7. O-O Nbd7 8. Qc2
Re8 9. d3 e5 10. e4 dxe4 11. dxe4 Qc7 12. a3 Nc5 13. Nc3 Ne6 14. Ne2 Nc5 15. Nc3
Bg4 16. h3 Bxf3 17. Bxf3 Ne6 18. Ne2 Rad8 19. Rfd1 Ng5 20. Bg2 Bf8 21. c5 b6 22.
cxb6 axb6 23. b4 c5 24. Rac1 Rd7 25. Rxd7 Nxd7 26. Qd2 Ne6 27. bxc5 bxc5 28. Nc3
Nd4 29. Nd5 Qb7 30. Bxd4 cxd4 31. Rc7 Qb1+ 32. Kh2 Nc5 33. Nf6+ Kh8 34. Nxe8
Nxe4 35. Qe2 Bxa3 36. Qxe4 Qxe4 37. Bxe4 f5 38. Nf6 1-0

[Event "Women's Speed Chess Q5"]
[Site "chess.com INT"]
[Date "2021.06.04"]
[Round "7"]
[White "Szente Varga, Fruzsina"]
[Black "Varney, Zoe"]
[Result "1-0"]
[WhiteTitle "WFM"]
[BlackTitle "WCM"]
[WhiteElo "2100"]
[BlackElo "1917"]
[WhiteFideId "712264"]
[BlackFideId "436135"]
[EventDate "2021.06.04"]

1. e4 e5 2. d4 exd4 3. Qxd4 Nc6 4. Qe3 Qe7 5. Bd2 g6 6. Nc3 Bg7 7. O-O-O Nf6 8.
f4 O-O 9. e5 Ne8 10. h4 d6 11. h5 dxe5 12. hxg6 hxg6 13. Nd5 Qd6 14. Bc3 exf4
15. Nxf4 Qe7 16. Qg3 Bxc3 17. Qxc3 Qf6 18. Qg3 Qg7 19. Nf3 Bf5 20. Bc4 Nd6 21.
Bb3 Na5 22. Ng5 Nxb3+ 23. axb3 Ne4 24. Nxe4 Bxe4 25. Rd7 c5 26. Ne6 Qf6 27. Nxf8
Rxf8 28. Qh3 Qg7 29. Rc7 Bc6 30. Rc8 Be4 31. Rxf8+ Kxf8 32. Qc8+ Ke7 33. Qxc5+ 1-0

[Event "Women's Speed Chess Q5"]
[Site "chess.com INT"]
[Date "2021.06.04"]
[Round "7"]
[White "Batsiashvili, Nino"]
[Black "Kashlinskaya, Alina"]
[Result "0-1"]
[WhiteTitle "GM"]
[BlackTitle "IM"]
[WhiteElo "2491"]
[BlackElo "2494"]
[WhiteFideId "13602993"]
[BlackFideId "4198026"]
[EventDate "2021.06.04"]

1. c4 e5 2. Nc3 Bb4 3. Nf3 Bxc3 4. bxc3 e4 5. Nd4 Nf6 6. e3 O-O 7. Be2 c5 8. Nb3
d6 9. O-O Nc6 10. f3 Qe7 11. fxe4 Nxe4 12. Qc2 f5 13. d3 Nf6 14. Bf3 Ne5 15.
Bd5+ Nxd5 16. cxd5 c4 17. dxc4 Nxc4 18. Qe2 b5 19. Nd4 Bd7 20. a4 Qe5 21. axb5
Qxd5 22. Ra4 Nb6 23. Rb4 Rac8 24. Bb2 Rc4 25. Ra1 f4 26. e4 Qc5 27. Rxa7 Rxc3
28. Bxc3 Qxc3 29. Qb2 Qe1# 0-1

[Event "Women's Speed Chess Q5"]
[Site "chess.com INT"]
[Date "2021.06.04"]
[Round "7"]
[White "Petrova, Irina"]
[Black "Purtseladze, Maka"]
[Result "1-0"]
[WhiteTitle "WIM"]
[BlackTitle "IM"]
[WhiteElo "2110"]
[BlackElo "2274"]
[WhiteFideId "14124122"]
[BlackFideId "13602659"]
[EventDate "2021.06.04"]

1. e4 c6 2. d4 d5 3. e5 Bf5 4. h4 h5 5. c4 Bxb1 6. Rxb1 e6 7. Nf3 Bb4+ 8. Bd2
Qa5 9. Bd3 Bxd2+ 10. Nxd2 Ne7 11. O-O g6 12. b4 Qd8 13. c5 Nf5 14. Bxf5 gxf5 15.
Nf3 a6 16. a4 Nd7 17. Ng5 b5 18. axb5 axb5 19. Ra1 Nf8 20. Rxa8 Qxa8 21. Qa1 Qc8
22. Qa7 Nd7 23. Ra1 O-O 24. Qa2 Kg7 25. Qe2 Rh8 26. Ra3 Qb8 27. Ra6 Nf8 28. Rxc6
Ng6 29. g3 Qa8 30. Rc7 Qa1+ 31. Kg2 Qxd4 32. Nxe6+ 1-0

[Event "Women's Speed Chess Q5"]
[Site "chess.com INT"]
[Date "2021.06.04"]
[Round "7"]
[White "Klinova, Masha"]
[Black "Gaponenko, Inna"]
[Result "1-0"]
[WhiteTitle "IM"]
[BlackTitle "IM"]
[WhiteElo "2275"]
[BlackElo "2357"]
[WhiteFideId "2802015"]
[BlackFideId "14101181"]
[EventDate "2021.06.04"]

1. e4 g6 2. d4 Bg7 3. Nc3 d6 4. Nf3 Nf6 5. Be2 O-O 6. O-O Bg4 7. h3 Bxf3 8. Bxf3
Nc6 9. d5 Ne5 10. Be2 c6 11. dxc6 bxc6 12. Be3 Qa5 13. Qd2 Rfb8 14. b3 c5 15. a4
Nc6 16. Rad1 Nd4 17. Bc4 e6 18. f3 Nd7 19. Nb5 Qxd2 20. Rxd2 Nb6 21. Nc7 Nxc4
22. bxc4 Kf8 23. Nxa8 Rxa8 24. Rb1 Rd8 25. Rb7 a5 26. Bxd4 Bxd4+ 27. Kf1 h5 28.
Rd3 Kg7 29. Rdb3 h4 30. Rb8 Rxb8 31. Rxb8 Kf6 32. Ke2 g5 33. Kd3 Ke5 34. Ra8 Kf4
35. Rxa5 Kg3 36. c3 Be5 37. Ra7 f6 38. a5 Kxg2 39. a6 Kxh3 40. Rh7 Kg3 41. a7 h3
42. a8=Q h2 43. Qa2 Kxf3 44. Qe2+ Kg3 45. Qf1 g4 46. Ke2 1-0

[Event "Women's Speed Chess Q5"]
[Site "chess.com INT"]
[Date "2021.06.04"]
[Round "7"]
[White "Shuvalova, Polina"]
[Black "Avramidou, Anastasia"]
[Result "1-0"]
[WhiteTitle "IM"]
[BlackTitle "FM"]
[WhiteElo "2489"]
[BlackElo "2238"]
[WhiteFideId "24171760"]
[BlackFideId "4239873"]
[EventDate "2021.06.04"]

1. e4 e6 2. d4 d5 3. Nc3 Bb4 4. e5 c5 5. a3 Bxc3+ 6. bxc3 Qa5 7. Bd2 Qa4 8. Qg4
Kf8 9. h3 Nc6 10. Nf3 Qxc2 11. Rc1 Qe4+ 12. Qxe4 dxe4 13. Ng5 f5 14. exf6 Nxf6
15. Bc4 Ke7 16. f3 exf3 17. Nxf3 Ne4 18. Be3 Ng3 19. Rg1 cxd4 20. Nxd4 Ne5 21.
Bb5 Bd7 22. Bf4 Nf5 23. Bxe5 Nxd4 24. Bxd7 Nb3 25. Rb1 Nc5 26. Bb5 Rhc8 27. Be2
b6 28. Bf3 Nd3+ 29. Ke2 Nxe5 30. Bxa8 Rxa8 31. Rb5 Nf7 32. Re1 Rc8 33. Kd2 Nd6
34. Rh5 h6 35. Kd3 Nc4 36. a4 Nb2+ 37. Kd2 Nxa4 38. Rhe5 Nc5 39. Kc2 Rc7 40. Rd1
a5 41. Re3 a4 42. Rg3 Kf7 43. Rg4 g5 44. Rb4 Rc6 45. Rd8 Ke7 46. Ra8 Rd6 47. Rb8
Nd7 48. Rb7 Rc6 49. Rxa4 Kd6 50. Rd4+ 1-0

[Event "Women's Speed Chess Q5"]
[Site "chess.com INT"]
[Date "2021.06.04"]
[Round "7"]
[White "Obolentseva, Alexandra"]
[Black "Ramirez, Maria Eugenia"]
[Result "1-0"]
[WhiteTitle "WGM"]
[BlackTitle "WFM"]
[WhiteElo "2297"]
[BlackElo "2057"]
[WhiteFideId "24153648"]
[BlackFideId "3301680"]
[EventDate "2021.06.04"]

1. d4 Nf6 2. c4 e6 3. Nc3 c5 4. d5 exd5 5. cxd5 d6 6. e4 g6 7. Nf3 Bg7 8. Nd2
O-O 9. a4 Na6 10. Bd3 Nb4 11. Bb1 b6 12. O-O a6 13. Nc4 Rb8 14. Bf4 b5 15. Nxd6
Nh5 16. Nxf7 Rxf7 17. Bxb8 Bh3 18. Bg3 Nxg3 19. hxg3 Bc8 20. axb5 axb5 21. Ra8
Rf8 22. Nxb5 Qb6 23. Na7 Ba6 24. Rxf8+ Bxf8 25. Re1 Qxa7 26. e5 Bc4 27. d6 Be6
28. Be4 Qf7 29. Qf3 Bg7 30. Qxf7+ Kxf7 31. f4 Ke8 32. Ra1 g5 33. Ra8+ Kf7 34.
Ra7+ Kf8 35. d7 Ke7 36. d8=Q+ Kxd8 37. Rxg7 gxf4 38. gxf4 c4 39. Rxh7 Nd3 40.
Bxd3 cxd3 41. Kf2 Bg4 42. Rh8+ Ke7 43. Ke3 Be2 44. Kd2 Ke6 45. Rh3 Kf5 46. Rxd3
Bf1 47. Re3 Kxf4 48. e6 1-0

[Event "Women's Speed Chess Q5"]
[Site "chess.com INT"]
[Date "2021.06.04"]
[Round "7"]
[White "Koridze, Lile"]
[Black "Head, Louise"]
[Result "1-0"]
[WhiteTitle "WFM"]
[BlackTitle "WFM"]
[WhiteElo "2016"]
[BlackElo "2090"]
[WhiteFideId "13612514"]
[BlackFideId "424773"]
[EventDate "2021.06.04"]

1. d4 d5 2. c4 dxc4 3. Nc3 a6 4. a4 c5 5. e3 cxd4 6. exd4 Nc6 7. Nf3 Bg4 8. Be3
e6 9. Bxc4 Nf6 10. O-O Qc7 11. h3 Bh5 12. Be2 Bd6 13. Rc1 O-O 14. Qd3 Nb4 15.
Qd2 Qa5 16. b3 Qd8 17. Bg5 Be7 18. Rfd1 Nfd5 19. Ne4 Bg6 20. Nc5 b6 21. Bxe7
Qxe7 22. Nd3 Nxd3 23. Bxd3 Bxd3 24. Qxd3 h6 25. Ne5 Nb4 26. Qe4 Rac8 27. Nc6
Nxc6 28. Rxc6 Rxc6 29. Qxc6 Qb4 30. Qc2 Rd8 31. Qd3 b5 32. axb5 axb5 33. Qe3 Rd5
34. Qe4 Qxb3 35. Rc1 Rd8 36. Qf4 Qd3 37. Rc7 Rf8 38. Rb7 Qc4 39. Qd6 g6 40. Kh2
g5 41. Qe5 Qc6 42. Rxb5 Rd8 43. Rb8 Qd6 44. Qxd6 Kg7 45. Qxd8 1-0

[Event "Women's Speed Chess Q5"]
[Site "chess.com INT"]
[Date "2021.06.04"]
[Round "7"]
[White "Babiy, Olga"]
[Black "Khalafova, Narmin"]
[Result "0-1"]
[WhiteTitle "WGM"]
[BlackTitle "WGM"]
[WhiteElo "2280"]
[BlackElo "2279"]
[WhiteFideId "14117258"]
[BlackFideId "13402625"]
[EventDate "2021.06.04"]

1. d4 d5 2. Bf4 Nf6 3. e3 g6 4. Nd2 Bg7 5. Ngf3 O-O 6. h3 c5 7. c3 Nc6 8. dxc5
a5 9. Bb5 Nd7 10. Nb3 a4 11. Nbd4 Nxc5 12. Bxc6 bxc6 13. Nxc6 Qe8 14. Qxd5 Nd3+
15. Qxd3 Qxc6 16. c4 Bxb2 17. O-O Bf5 18. Qe2 Bxa1 19. Rxa1 Rfc8 20. Rc1 a3 21.
Nd4 Qc5 22. g4 Be4 23. Bh6 e5 24. Nf3 Rab8 25. Ng5 Ba8 26. Qd2 Qc6 27. f3 Rd8
28. Qc3 Qc5 29. Rc2 Rb2 30. Kf2 Rdb8 31. Kg3 Rxc2 32. Qxc2 Qxe3 33. Qa4 Qg1+ 34.
Kh4 Qe1# 0-1

[Event "Women's Speed Chess Q5"]
[Site "chess.com INT"]
[Date "2021.06.04"]
[Round "7"]
[White "Ziegenfuss, Antonia"]
[Black "Nguyen, Hong Ngoc"]
[Result "0-1"]
[WhiteTitle "WFM"]
[BlackTitle "WCM"]
[WhiteElo "2157"]
[BlackElo "1957"]
[WhiteFideId "12962554"]
[BlackFideId "12403083"]
[EventDate "2021.06.04"]

1. d4 d5 2. c4 c6 3. Nc3 Nf6 4. cxd5 cxd5 5. f3 a6 6. e4 dxe4 7. fxe4 Nc6 8. d5
Ne5 9. Qa4+ Bd7 10. Qd4 Qc7 11. Bf4 Nd3+ 12. Bxd3 Qxf4 13. Nge2 Qh4+ 14. g3 Qh6
15. e5 Ng4 16. e6 fxe6 17. Qxg4 exd5 18. Qf4 Qxf4 19. Nxf4 e6 20. O-O-O O-O-O
21. Rhe1 Re8 22. Bf1 g5 23. Nd3 g4 24. Ne5 h5 25. Bd3 Bg7 26. Nf7 Rhf8 27. Nd6+
Kd8 28. Nxe8 Kxe8 29. Bg6+ Kd8 30. Bxh5 d4 31. Ne4 e5 32. Re2 Bf5 33. Rf1 Ke7
34. h3 d3 35. Ree1 Rc8+ 36. Kb1 d2 37. Re2 Bh6 38. hxg4 Rc1+ 0-1

[Event "Women's Speed Chess Q5"]
[Site "chess.com INT"]
[Date "2021.06.04"]
[Round "7"]
[White "Li, Xueyi"]
[Black "Dordzhieva, Dinara"]
[Result "0-1"]
[WhiteTitle "WGM"]
[BlackTitle "WGM"]
[WhiteElo "2303"]
[BlackElo "2311"]
[WhiteFideId "8605912"]
[BlackFideId "24157570"]
[EventDate "2021.06.04"]

1. d4 Nf6 2. Nf3 d5 3. g3 e6 4. Bg2 c5 5. c4 Nc6 6. O-O cxd4 7. Nxd4 Bc5 8. Nb3
Be7 9. cxd5 Nxd5 10. e4 Ndb4 11. Nc3 Nd3 12. Qe2 Nxc1 13. Raxc1 O-O 14. Rfd1 Qb6
15. Na4 Qc7 16. Nac5 e5 17. Qc4 Bg5 18. Rc3 Qe7 19. Rcd3 h5 20. h4 Bh6 21. Nd7
Re8 22. Bh3 g6 23. Qc5 Bg7 24. Kh2 Nd4 25. Qxe7 Rxe7 26. Nxd4 exd4 27. Nc5 Bxh3
28. Kxh3 Rc8 29. Nb3 Rxe4 30. Nxd4 Rd8 31. Nb5 Rxd3 32. Rxd3 Re2 33. Rb3 a6 34.
Nd6 b5 35. a4 bxa4 36. Rb8+ Bf8 37. Ne8 Rxf2 38. Nc7 Kg7 39. Nxa6 Bd6 40. Rb6
Be5 41. Rb4 Rxb2 42. Rxa4 Rb3 43. Kg2 Rxg3+ 44. Kf2 Rh3 45. Nc5 Bf6 0-1

[Event "Women's Speed Chess Q5"]
[Site "chess.com INT"]
[Date "2021.06.04"]
[Round "7"]
[White "Sikorova, Olga"]
[Black "Sviridova, Vlada"]
[Result "1-0"]
[WhiteTitle "WGM"]
[BlackTitle "WFM"]
[WhiteElo "2215"]
[BlackElo "2144"]
[WhiteFideId "307033"]
[BlackFideId "24109606"]
[EventDate "2021.06.04"]

1. c4 c6 2. g3 d5 3. Bg2 Nf6 4. Nf3 dxc4 5. Na3 g6 6. Nxc4 Bg7 7. b3 O-O 8. Bb2
a5 9. O-O Be6 10. Rc1 Nbd7 11. d3 Nd5 12. Qc2 Bxb2 13. Qxb2 f6 14. Nd4 Bf7 15.
e4 Nb4 16. Rfd1 e5 17. Nc2 Nxc2 18. Rxc2 Nb6 19. Nxb6 Qxb6 20. d4 Rad8 21. Rcd2
exd4 22. Rxd4 Rxd4 23. Qxd4 Qb5 24. Bf1 Qb4 25. Qxf6 Bxb3 26. Qd4 Bf7 27. Qd2
Qxd2 28. Rxd2 Re8 29. f3 Re7 30. Kf2 Kg7 31. Ke3 g5 32. a3 a4 33. f4 h6 34. e5
Bd5 35. Rc2 b5 36. Bd3 Re8 37. Be4 Bxe4 38. Kxe4 gxf4 39. gxf4 Rc8 40. Rc5 Kf7
41. f5 Ke7 42. h4 Kd7 43. h5 Rg8 44. f6 Rg4+ 45. Kf5 Rg5+ 46. Ke4 Rg4+ 47. Kf5
Rg5+ 48. Kf4 Rg1 49. Rc3 Rf1+ 50. Ke4 Re1+ 51. Kf5 Rg1 52. Rd3+ Ke8 53. Rd6 Rg5+
54. Ke6 c5 55. Rb6 Kd8 56. f7 Kc7 57. Rxb5 Kc6 58. Ra5 Kb6 59. Rxa4 Rxh5 60.
f8=Q Rg5 61. Qb8+ 1-0

[Event "Women's Speed Chess Q5"]
[Site "chess.com INT"]
[Date "2021.06.04"]
[Round "7"]
[White "Bivol, Alina"]
[Black "Tarasova, Viktoriya"]
[Result "1-0"]
[WhiteTitle "WGM"]
[BlackTitle "WIM"]
[WhiteElo "2374"]
[BlackElo "2226"]
[WhiteFideId "4100123"]
[BlackFideId "4175840"]
[EventDate "2021.06.04"]

1. e4 e5 2. d4 exd4 3. c3 d5 4. exd5 Qxd5 5. cxd4 Nf6 6. Nc3 Qd8 7. Nf3 Bb4 8.
Qe2+ Qe7 9. Qxe7+ Bxe7 10. Bc4 O-O 11. O-O c6 12. d5 b5 13. Bb3 b4 14. Na4 cxd5
15. Nd4 Ba6 16. Re1 Bd6 17. Bg5 Nbd7 18. Nf5 Bc7 19. Ne7+ Kh8 20. Nxd5 Bd8 21.
Nxb4 Bb7 22. Rad1 Ba5 23. a3 h6 24. Bh4 Kg8 25. Nc3 g5 26. Bg3 Nc5 27. Ba2 Rfe8
28. Be5 Nfd7 29. Bd4 Bxb4 30. axb4 Nd3 31. Rxe8+ Rxe8 32. Be3 N7e5 33. Bd5 Bc8
34. Ne4 Kg7 35. Bd4 Kg6 36. Nd6 Rd8 37. Nxc8 Rxc8 38. f4 gxf4 39. Be4+ f5 40.
Bxd3 Nxd3 41. Rxd3 Rc1+ 42. Kf2 Rc2+ 43. Kf3 1-0

[Event "Women's Speed Chess Q5"]
[Site "chess.com INT"]
[Date "2021.06.04"]
[Round "7"]
[White "Cori T., Deysi"]
[Black "Dzagnidze, Nana"]
[Result "0-1"]
[WhiteTitle "WGM"]
[BlackTitle "GM"]
[WhiteElo "2388"]
[BlackElo "2524"]
[WhiteFideId "3801934"]
[BlackFideId "13601903"]
[EventDate "2021.06.04"]

1. d4 Nf6 2. Nf3 e6 3. e3 c5 4. Bd3 b6 5. O-O Bb7 6. c4 Be7 7. Nc3 O-O 8. Qe2
cxd4 9. exd4 d5 10. Rd1 Nc6 11. Bg5 h6 12. Bh4 Nb4 13. Ne5 Nxd3 14. Rxd3 dxc4
15. Rg3 Qxd4 16. Ng4 Qf4 17. Bxf6 Bxf6 18. Nxf6+ Qxf6 19. Qxc4 Rac8 20. Qa4 a6
21. Qb4 e5 22. Re1 Rfd8 23. Rge3 Rd4 24. Qb3 Rd2 25. R3e2 Rcd8 26. h3 Qg6 27. f3
Bxf3 0-1

[Event "Women's Speed Chess Q5"]
[Site "chess.com INT"]
[Date "2021.06.04"]
[Round "7"]
[White "Grigoryan, Meri"]
[Black "Arakhamia-Grant, Ketevan"]
[Result "0-1"]
[WhiteTitle "WFM"]
[BlackTitle "GM"]
[WhiteElo "2044"]
[BlackElo "2380"]
[WhiteFideId "13300571"]
[BlackFideId "13600168"]
[EventDate "2021.06.04"]

1. d4 Nf6 2. c4 g6 3. Nc3 Bg7 4. Nf3 d6 5. g3 O-O 6. Bg2 Nc6 7. O-O a6 8. e3 Rb8
9. Rb1 b5 10. Nd2 Na5 11. cxb5 axb5 12. b4 Nc4 13. Nxc4 bxc4 14. a4 d5 15. b5
Bf5 16. Ra1 Bd3 17. Re1 c6 18. Bf1 Bxf1 19. Rxf1 cxb5 20. Nxb5 Ne4 21. Ba3 Re8
22. f3 Nd6 23. Bxd6 exd6 24. Re1 Bh6 25. Qc1 Qf6 26. f4 Re7 27. Qa3 Rb6 28. Rab1
Reb7 29. Rb2 Bf8 30. Reb1 Qf5 31. Qc3 Qd7 32. Qb4 h5 33. a5 Rxb5 34. Qxb5 Rxb5
35. Rxb5 Qe8 36. Kf2 h4 37. a6 Qe4 38. a7 Qc2+ 39. Kg1 Qa2 40. Rb7 c3 0-1

[Event "Women's Speed Chess Q5"]
[Site "chess.com INT"]
[Date "2021.06.04"]
[Round "7"]
[White "Sukandar, Irine Kharisma"]
[Black "Tomilova, Elena"]
[Result "0-1"]
[WhiteTitle "IM"]
[BlackTitle "WGM"]
[WhiteElo "2413"]
[BlackElo "2353"]
[WhiteFideId "7101937"]
[BlackFideId "4162340"]
[EventDate "2021.06.04"]

1. d4 Nf6 2. Nf3 e6 3. Bf4 b6 4. Nbd2 Bb7 5. e3 c5 6. Nc4 cxd4 7. exd4 d6 8. Bd3
Be7 9. O-O O-O 10. Qe2 Qc7 11. c3 Nbd7 12. h3 Rfe8 13. Bh2 Nf8 14. a4 a6 15. a5
b5 16. Nb6 Ra7 17. Nd2 N8d7 18. Nxd7 Qxd7 19. Rfe1 Qc6 20. Qf1 h6 21. Ne4 Qd7
22. Nxf6+ Bxf6 23. Bc2 Bd5 24. Qd3 g6 25. Qg3 Rd8 26. Be4 Qc6 27. Qf3 Bxe4 28.
Qxf6 Re8 29. Bxd6 Qxd6 30. Rxe4 Qd8 31. Qxd8 Rxd8 32. Re5 Rc7 33. Kf1 b4 34. Rc1
Rxd4 35. Ke2 Rdc4 36. Kd3 Kg7 37. Re4 Rxe4 38. Kxe4 Rc5 39. Kd4 Rd5+ 40. Kc4
bxc3 41. b4 Rd2 42. Rxc3 Rxf2 43. g3 Rb2 44. Kc5 f5 45. Rc4 e5 46. Kb6 e4 47.
Kxa6 e3 48. b5 e2 49. Rc1 g5 50. b6 f4 51. gxf4 gxf4 52. Ka7 f3 53. b7 f2 54.
b8=Q Rxb8 55. Kxb8 e1=Q 56. Rxe1 fxe1=Q 57. a6 Qb4+ 58. Ka8 Qb5 59. a7 Qb6 60.
h4 Qc7 61. h5 Qc8# 0-1

[Event "Women's Speed Chess Q5"]
[Site "chess.com INT"]
[Date "2021.06.04"]
[Round "7"]
[White "Dong, Khanh Linh"]
[Black "Linares Napoles, Oleiny"]
[Result "1-0"]
[WhiteTitle "WCM"]
[BlackTitle "WGM"]
[WhiteElo "1970"]
[BlackElo "2255"]
[WhiteFideId "12403040"]
[BlackFideId "3504794"]
[EventDate "2021.06.04"]

1. e4 d6 2. d4 Nf6 3. Nc3 g6 4. h4 c5 5. d5 Bg7 6. Be2 Qa5 7. Bd2 h5 8. Nf3 Nbd7
9. O-O O-O 10. Bg5 Re8 11. Qd2 Ng4 12. Nb5 Qd8 13. Nxd6 Bxb2 14. Rab1 Bg7 15.
Nxe8 Qxe8 16. c3 a6 17. a4 b6 18. Nh2 Nxh2 19. Kxh2 Bb7 20. f4 Rc8 21. f5 c4 22.
fxg6 fxg6 23. Bh6 Bf6 24. Bg5 Bg7 25. Bh6 Bf6 26. Bg5 Be5+ 27. Bf4 Bh8 28. Rf3
Ne5 29. Rg3 Kh7 30. Rxb6 Rc7 31. Kh1 Qxa4 32. Bxe5 Qa1+ 33. Bd1 Bxe5 34. Rgxg6
Bc6 35. Qh6# 1-0

[Event "Women's Speed Chess Q5"]
[Site "chess.com INT"]
[Date "2021.06.04"]
[Round "7"]
[White "Vantika, Agrawal"]
[Black "Nandhidhaa, P V"]
[Result "1-0"]
[WhiteTitle "WIM"]
[BlackTitle "WGM"]
[WhiteElo "2286"]
[BlackElo "2365"]
[WhiteFideId "25050389"]
[BlackFideId "5050847"]
[EventDate "2021.06.04"]

1. Nf3 c5 2. g3 Nc6 3. Bg2 e5 4. d3 d6 5. O-O g6 6. c4 Bg7 7. Nc3 Nge7 8. a3 O-O
9. Rb1 a5 10. Ne1 Be6 11. Nc2 f5 12. Bd2 d5 13. cxd5 Nxd5 14. Ne3 Nde7 15. Nc4
Rb8 16. Nb5 b6 17. Qc2 Nd4 18. Nxd4 cxd4 19. b4 axb4 20. Bxb4 Rf7 21. Rfc1 Nd5
22. Bd2 Rc7 23. a4 Rbc8 24. Qd1 e4 25. a5 b5 26. Rxb5 Nc3 27. Bxc3 dxc3 28. Nb6
Rc5 29. Qa4 Rxb5 30. Qxb5 Rc7 31. dxe4 Bf6 32. e5 Qd2 33. Qe8+ Kg7 34. exf6+
Kxf6 35. Qh8+ 1-0

[Event "Women's Speed Chess Q5"]
[Site "chess.com INT"]
[Date "2021.06.04"]
[Round "7"]
[White "Daulyte-Cornette, Deimante"]
[Black "Pavlidou, Ekaterini"]
[Result "1/2-1/2"]
[WhiteTitle "IM"]
[BlackTitle "WIM"]
[WhiteElo "2394"]
[BlackElo "2157"]
[WhiteFideId "12802859"]
[BlackFideId "4213262"]
[EventDate "2021.06.04"]

1. e4 c5 2. Nc3 Nc6 3. Bb5 Nd4 4. Nf3 e6 5. O-O a6 6. Bd3 b5 7. Nxd4 cxd4 8. Ne2
Bc5 9. f4 Bb7 10. Kh1 Ne7 11. b3 O-O 12. Bb2 Nc6 13. Qe1 f5 14. Ng3 Nb4 15. a3
Nxd3 16. cxd3 Qh4 17. b4 Bb6 18. Qf2 fxe4 19. Bxd4 Bxd4 20. Qxd4 exd3 21. Qxd3
Bd5 22. f5 Bc4 23. Qxd7 Bxf1 24. Qxe6+ Kh8 25. Rxf1 Qc4 26. Qxc4 bxc4 27. Rc1 a5
28. Rxc4 axb4 29. Rxb4 Rxa3 30. h3 Ra2 31. Rd4 h6 32. Rd7 Ra3 33. Kh2 Rb8 34.
Nh5 Raa8 35. Nxg7 Rd8 36. Re7 Rxd2 37. Nh5 Rg8 38. Nf4 Rg7 39. Re8+ Kh7 40. f6
Rf7 41. Nh5 Kg6 42. Nf4+ Kf5 43. Nh5 Kg5 44. Re5+ Kg6 45. Kg3 Rd3+ 46. Kh4 Rd4+
47. g4 Rxf6 48. Nxf6 Kxf6 49. Rh5 Kg6 50. Ra5 Rd6 51. Rb5 Rc6 52. Rd5 Rb6 53.
Rf5 Rc6 54. Rd5 Rb6 55. Kg3 Rb3+ 56. Kh4 Rb6 1/2-1/2

[Event "Women's Speed Chess Q5"]
[Site "chess.com INT"]
[Date "2021.06.04"]
[Round "7"]
[White "Bodnaruk, Anastasia"]
[Black "Paehtz, Elisabeth"]
[Result "1/2-1/2"]
[WhiteTitle "IM"]
[BlackTitle "IM"]
[WhiteElo "2446"]
[BlackElo "2456"]
[WhiteFideId "4181751"]
[BlackFideId "4641833"]
[EventDate "2021.06.04"]

1. e4 c5 2. b3 Nc6 3. Bb2 e5 4. Bc4 d6 5. Ne2 Nge7 6. f4 Bg4 7. O-O Ng6 8. f5
Nf4 9. Qe1 Bxe2 10. Bxe2 Qg5 11. Bf3 Nd4 12. Bxd4 cxd4 13. g3 Nh5 14. Qe2 Nf6
15. Qb5+ Nd7 16. Qxb7 Qd8 17. Na3 Rb8 18. Qa6 Qc8 19. Qxc8+ Rxc8 20. Nc4 Nb6 21.
Be2 Be7 22. f6 gxf6 23. Nxb6 axb6 24. Bc4 Kf8 25. a4 Kg7 26. d3 Bd8 27. b4 h5
28. a5 b5 29. Bxb5 Rxc2 30. Rf2 Rc3 31. Bc4 h4 32. Kg2 h3+ 33. Kf3 d5 34. exd5
f5 35. Ke2 Kg6 36. d6 Bg5 37. Ra2 Be3 38. Rf1 Bg5 39. a6 e4 40. d7 Ra8 41. a7
Rxa7 42. Rxa7 Rc2+ 43. Ke1 Rc1+ 44. Ke2 Rc2+ 45. Ke1 Rc1+ 46. Ke2 Rc2+ 1/2-1/2

[Event "Women's Speed Chess Q5"]
[Site "chess.com INT"]
[Date "2021.06.04"]
[Round "7"]
[White "Kanyamarala, Trisha"]
[Black "Soumya, Swaminathan"]
[Result "1-0"]
[WhiteTitle "WIM"]
[BlackTitle "IM"]
[WhiteElo "2180"]
[BlackElo "2351"]
[WhiteFideId "45004722"]
[BlackFideId "5016193"]
[EventDate "2021.06.04"]

1. d4 Nf6 2. c4 g6 3. Nc3 Bg7 4. e4 d6 5. Nf3 O-O 6. Be2 e5 7. d5 a5 8. h3 Na6
9. Bg5 h6 10. Be3 Nh5 11. Ng1 Nf4 12. Bf1 Nc5 13. g3 Nh5 14. Bg2 Qe8 15. Bf3 Nf6
16. Nge2 Qe7 17. Qd2 Nh7 18. Bxh6 Bxh6 19. Qxh6 Nd3+ 20. Kf1 Qf6 21. Ng1 Ng5 22.
Ke2 Nxb2 23. Bg4 Nxc4 24. Bxc8 Raxc8 25. h4 Nh7 26. h5 g5 27. Qxf6 Nxf6 28. Nf3
Nh7 29. g4 c6 30. Rhd1 Rfd8 31. Rab1 cxd5 32. Nxd5 Kf8 33. Rxb7 a4 34. Rdb1 Na3
35. R1b6 Rc2+ 36. Kf1 Rxa2 37. Rb8 Rxb8 38. Rxb8+ Kg7 39. Ne7 Nf6 40. Nf5+ 1-0